000 00205 a2200097 4500
001 13917
100 _aAllbeury T
245 _aPalomino Blonde
260 _aLondon
_bPeter Davies
_c
090 _c10885
_d10885
942 _aNUST-CAE
_cM
_c986
999 _c248990
_d248990